Loading...
| Literature - World | 0 | 9 | 0 | 0 | 90 | 38 | 70.56 | 4 | 8 | 39.94 | 70.23 |
| Science - Physics | 0 | 8 | 1 | 2 | 75 | 31 | 82.88 | 1 | 5 | 23.46 | 50.91 |
| Fine Arts - Painting and Sculpture | 0 | 7 | 0 | 0 | 70 | 39 | 74.86 | 2 | 6 | 25.85 | 56.14 |
| Philosophy | 0 | 7 | 0 | 0 | 70 | 67 | 92.43 | 1 | 5 | 14.95 | 44.77 |
| Science - Chemistry | 0 | 7 | 2 | 1 | 60 | 35 | 79.71 | 2 | 5 | 19.84 | 49.09 |
| Mythology | 0 | 6 | 0 | 0 | 60 | 55 | 75.00 | 0 | 5 | 21.38 | 38.86 |
| Religion | 0 | 5 | 0 | 1 | 50 | 76 | 96.40 | 2 | 4 | 7.99 | 31.82 |
| Science - Biology | 0 | 5 | 0 | 1 | 50 | 62 | 91.40 | 0 | 1 | 9.95 | 21.36 |
| Fine Arts - Classical Music | 0 | 5 | 2 | 0 | 40 | 47 | 96.20 | 1 | 2 | 9.47 | 31.59 |
| Fine Arts - Other | 0 | 5 | 2 | 0 | 40 | 92 | 108.00 | 1 | 3 | 7.79 | 32.27 |
| Literature - European | 0 | 5 | 2 | 0 | 40 | 52 | 88.20 | 1 | 4 | 17.19 | 35.68 |
| Literature - American | 0 | 4 | 1 | 0 | 35 | 78 | 91.75 | 1 | 3 | 12.63 | 26.14 |
| Science - Other | 0 | 4 | 2 | 1 | 30 | 85 | 112.75 | 0 | 2 | 4.62 | 22.05 |
| Literature - British | 0 | 4 | 4 | 0 | 20 | 29 | 47.75 | 1 | 3 | 23.94 | 30.68 |
| Social Science | 0 | 2 | 0 | 0 | 20 | 78 | 94.00 | 0 | 1 | 3.19 | 10.23 |
| History - World | 0 | 2 | 1 | 2 | 15 | 27 | 72.50 | 0 | 1 | 7.23 | 9.77 |
| History - Other | 0 | 2 | 2 | 0 | 10 | 40 | 65.50 | 0 | 2 | 8.79 | 14.32 |
| History - European | 0 | 1 | 0 | 0 | 10 | 75 | 75.00 | 0 | 1 | 3.76 | 7.27 |
| Popular Culture | 0 | 1 | 0 | 0 | 10 | 31 | 31.00 | 0 | 1 | 38.77 | 43.75 |
| History - American | 0 | 1 | 0 | 0 | 10 | 103 | 103.00 | 0 | 0 | 1.48 | 5.45 |